City Foods - Statistics

General Stats
  • This quiz has been taken 21 times
  • The average score is 4 of 5
Answer Stats
Hint Answer % Correct
Baguette Paris
100%
Clam Chowder Boston
83%
Wiener Schnitzel Vienna
83%
Barramundi Perth
61%
Caesar Salad Tijuana
56%
No matching quizzes found
Score Distribution
Percent of People with Each Score
Percentile by Number Answered
Your Score History
You have not taken this quiz